logo

Bir Sreshtho Munshi Abdur Rouf Library
Jhenaidah Cadet College

Ancient Bangladesh / (Record no. 1562)

MARC details
000 -LEADER
fixed length control field 00588nam a2200229 a 4500
001 - CONTROL NUMBER
JCCL Control Number 1562
003 - CONTROL NUMBER IDENTIFIER
JCCL marc code BD-JhCC
005 - DATE AND TIME OF LATEST TRANSACTION
control field 20171021200211.0
008 - FIXED-LENGTH DATA ELEMENTS--GENERAL INFORMATION
fixed length control field 171021s2001 bg a|||| || | 000 0 eng d
020 ## - INTERNATIONAL STANDARD BOOK NUMBER
International Standard Book Number 984051184
035 ## - SYSTEM CONTROL NUMBER
system control number (BD-JhCC)1562
040 ## - CATALOGING SOURCE
Original cataloging agency BD-JhCC
Modifying agency BD-JhCC
041 ## - LANGUAGE CODE
Language code of Book eng
082 ## - DEWEY DECIMAL CLASSIFICATION NUMBER
Classification number 934
Author mark and Year CHA 2001
100 ## - MAIN ENTRY--PERSONAL NAME
Personal name Chakrabarti, Dilip K.
245 ## - TITLE STATEMENT
Title Ancient Bangladesh /
Statement of responsibility, etc Dilip K Chakrabarti, .
260 ## - PUBLICATION, DISTRIBUTION, ETC. (IMPRINT)
Place of publication, distribution, etc Dhaka :
Name of publisher, distributor, etc The University Press Ltd,
Date of publication, distribution, etc 2001
300 ## - PHYSICAL DESCRIPTION
Pagination 209 p. :
Dimensions 24 cm.
650 ## - SUBJECT ADDED ENTRY--TOPICAL TERM
Topical term or geographic name as entry element Archaeology
Geographic subdivision Bangladesh
942 ## - ADDED ENTRY ELEMENTS (KOHA)
Source of classification or shelving scheme Dewey Decimal Classification
Koha item type Books
Holdings
Source of classification or shelving scheme Damaged status Not for loan Home library Current library Shelving location Date of accession Cost, normal purchase price Total Checkouts Full call number Barcode Date last seen Date checked out Copy number Koha item type
Dewey Decimal Classification     JCC Rouf Library JCC Rouf Library General Stacks 10/21/2017 395.00 1 934 CHA 2001 2816 11/19/2024 11/11/2024 C-1 Books
Dewey Decimal Classification     JCC Rouf Library JCC Rouf Library General Stacks 10/25/2017 350.00 1 934 CHA 2001 2777 11/16/2023 10/17/2023 C-2 Books

JCC Library | Contacts | JCC Home

Last Update on 23 September 2017
Copyright @ 2017-2020 JCC Rouf Library
Rouf Library, Jhenidah Cadet College (JCC), Bangladesh